=LDR 00000nam 2200000 4500 =001 INLIS000000000050492 =005 20200311092744 =035 ##$$a 0010-0517000145 =007 ta =008 200311################g##########0#ind## =020 ##$$a 978-979-26-6781-3 =082 ##$$a 297.14 =084 ##$$a 297.14 FAR m =100 #$$a Farid, Ahmad =245 1#$$a Manajemen Qolbu Ulama Salaf /$c Ahmad farid; Penerjemah, Najib junaidi; Editor, Ainul haris umar =260 ##$$a Surabaya :$b Pustaka Elba,$c 2008 =300 ##$$a 472 hlm. ; $c 24 cm. =650 #4$$a Fiqih =250 ##$$a Cet. 2 =990 ##$$a 31700476 =990 ##$$a 31700475